NJPW G1 Climax Winners - Statistics

General Stats
  • This quiz has been taken 141 times
    39 since last reset
  • The average score is 32 of 51
Answer Stats
Year Wrestler % Correct
2012 1 Kazuchika Okada
96%
2014 2 Kazuchika Okada
96%
2021 3 Kazuchika Okada
96%
2022 4 Kazuchika Okada
96%
2016 1 Kenny Omega
96%
2011 1 Shinsuke Nakamura
88%
2019 1 Kota Ibushi
85%
2020 2 Kota Ibushi
85%
2013 1 Tetsuya Naito
85%
2017 2 Tetsuya Naito
85%
2023 3 Tetsuya Naito
85%
2007 1 Hiroshi Tanahashi
81%
2015 2 Hiroshi Tanahashi
81%
2018 3 Hiroshi Tanahashi
81%
2025 1 Konosuke Takeshita
81%
2024 1 Zack Sabre Jr.
81%
1974 1 Antonio Inoki
77%
1975 2 Antonio Inoki
77%
1978 3 Antonio Inoki
77%
1979 4 Antonio Inoki
77%
1980 5 Antonio Inoki
77%
1981 6 Antonio Inoki
77%
1984 7 Antonio Inoki
77%
1986 8 Antonio Inoki
77%
1987 9 Antonio Inoki
77%
1988 10 Antonio Inoki
77%
2008 1 Hirooki Goto
58%
1983 1 Hulk Hogan
58%
2010 1 Satoshi Kojima
58%
1991 1 Masahiro Chono
54%
1992 2 Masahiro Chono
54%
1994 3 Masahiro Chono
54%
2002 4 Masahiro Chono
54%
2005 5 Masahiro Chono
54%
1995 1 Keiji Mutoh
50%
2003 1 Hiroyoshi Tenzan
46%
2004 2 Hiroyoshi Tenzan
46%
2006 3 Hiroyoshi Tenzan
46%
2001 1 Yuji Nagata
46%
1982 1 André the Giant
42%
1985 2 André the Giant
42%
1993 1 Tatsumi Fujinami
42%
1998 1 Shinya Hashimoto
38%
1997 1 Kensuke Sasaki
35%
2000 2 Kensuke Sasaki
35%
2009 1 Togi Makabe
35%
1989 1 Riki Choshu
31%
1996 2 Riki Choshu
31%
1999 1 Manabu Nakanishi
27%
1976 1 Seiji Sakaguchi
15%
1977 2 Seiji Sakaguchi
15%
No matching quizzes found
Score Distribution
Percent of People with Each Score
Percentile by Number Answered
Your Score History
You have not taken this quiz since the last reset